Combinaciones de negocios (Registro nro. 1239)

Detalles MARC
000 -LEADER
fixed length control field 01249 a2200253 4500
001 - CONTROL NUMBER
control field 24915
005 - DATE AND TIME OF LATEST TRANSACTION
control field 20260407155531.0
008 - FIXED-LENGTH DATA ELEMENTS--GENERAL INFORMATION
fixed length control field 260407a2006 arg spa d
003 - CONTROL NUMBER IDENTIFIER
control field AR-UNSa-BCEJYS
040 ## - CATALOGING SOURCE
Original cataloging agency AR-UNSa-BCEJYS
Language of cataloging spa
Transcribing agency AR-UNSa-BCEJYS
080 ## - UNIVERSAL DECIMAL CLASSIFICATION NUMBER
Universal Decimal Classification number 657.41
Common auxiliary subdivision Contabilidad Financiera
020 ## - INTERNATIONAL STANDARD BOOK NUMBER
International Standard Book Number 987-01-0446-0
100 1# - MAIN ENTRY--PERSONAL NAME
Personal name Colamussi, Rosa Teresa
245 10 - TITLE STATEMENT
Title Combinaciones de negocios
Name of part/section of a work su tratamiento contable en el país y en el exterior
250 ## - EDITION STATEMENT
Edition statement 3a. ed.
264 #1 - PRODUCTION, PUBLICATION, DISTRIBUTION, MANUFACTURE, AND COPYRIGHT NOTICE
Place of production, publication, distribution, manufacture Buenos Aires :
Name of producer, publisher, distributor, manufacturer Errepar
Date of production, publication, distribution, manufacture, or copyright notice 2006
300 ## - PHYSICAL DESCRIPTION
Extent 243 p.
Dimensions 21 cm.
505 ## - FORMATTED CONTENTS NOTE
Formatted contents note 1. Combinaciones de negocios entre sociedades comerciales - 2. Combinaciones de negocios entre sociedades por compra de acciones - 3. Procedimiento de consolidación y medición al método del valor patrimonial proporcional. Normas vigentes - 4. Casos de aplicación práctica de las Resoluciones Técnicas 18 y 21 de la FACPCE - 5. Uniones transitorias de empresas - 6. Conversión de estados contables a moneda extranjera
590 ## - LOCAL NOTE (RLIN)
Local note niveau_biblio:m niveau_hierar:0
700 1# - ADDED ENTRY--PERSONAL NAME
Personal name Biondi, Mario
700 1# - ADDED ENTRY--PERSONAL NAME
Personal name Biondi, Mario (h)
856 41 - ELECTRONIC LOCATION AND ACCESS
Uniform Resource Identifier <a href="https://biblioeco.unsa.edu.ar/pmb/images/libros/Combinaciones de Negocios (2006).jpg">https://biblioeco.unsa.edu.ar/pmb/images/libros/Combinaciones de Negocios (2006).jpg</a>
Link text Imagen de portada
Electronic format type image/jpeg
942 ## - ADDED ENTRY ELEMENTS (KOHA)
Koha item type
Existencias
Withdrawn status Lost status Damaged status Not for loan Home library Current library Shelving location Date acquired Total checkouts Full call number Barcode Date last seen Price effective from Koha item type
        Biblioteca Prof. Eusebio Cleto del Rey Biblioteca Prof. Eusebio Cleto del Rey   07/04/2026   657.41 B615c 3ed. L119754 07/04/2026 07/04/2026 Libro
        Biblioteca Prof. Eusebio Cleto del Rey Biblioteca Prof. Eusebio Cleto del Rey   07/04/2026   657.41 B615c 3ed. L119755 07/04/2026 07/04/2026 Libro
        Biblioteca Prof. Eusebio Cleto del Rey Biblioteca Prof. Eusebio Cleto del Rey   07/04/2026   657.41 B615c 3ed. L119756 07/04/2026 07/04/2026 Libro